Statistics for アジアの国旗

Click here to take the quiz!

General Stats

  • This quiz has been taken 89 times
  • The average score is 31 of 48

Answer Stats

Answer% Correct
中国
100%
ベトナム
99%
イスラエル
93%
韓国
87%
日本
87%
インド
87%
トルコ
86%
ネパール
85%
サウジアラビア
82%
ミャンマー
80%
バングラデシュ
80%
ブータン
77%
カンボジア
76%
マレーシア
75%
レバノン
73%
フィリピン
73%
シンガポール
73%
キプロス
72%
北朝鮮
72%
イラン
70%
イラク
69%
インドネシア
69%
ラオス
69%
タイ
65%
カタール
63%
ジョージア
62%
パキスタン
62%
トルクメニスタン
61%
スリランカ
61%
カザフスタン
59%
モンゴル
59%
バーレーン
56%
台湾
56%
ウズベキスタン
51%
アゼルバイジャン
51%
シリア
51%
ブルネイ
45%
アラブ首長国連邦
45%
東ティモール
41%
アルメニア
41%
イエメン
41%
クウェート
41%
アフガニスタン
38%
ヨルダン
38%
モルディブ
38%
オマーン
35%
タジキスタン
32%
キルギスタン
32%

Score Distribution

Percentile by Number Answered

Percent of People with Each Score

Your Score History

You have not taken this quiz